000 00414pab a2200145 454500
008 180718b1985 xxu||||| |||| 00| 0 eng d
100 _aBriones, Leonor M.
245 _aThe relationship of public enterprises with the national government in the philippnes
260 _c1985
300 _a401-12
362 _aAug.
650 _aGovernment Enterprise - Philippines
773 _aPublic Enterprise
909 _a9349
999 _c9349
_d9349